|
|
|
|
| LEADER |
01611ngm a2200337 a 4500 |
| 001 |
001088429 |
| 003 |
CZ BrMZK |
| 005 |
20180815141503.0 |
| 007 |
vd caaizu |
| 008 |
100226s2008 xr e s v cze |
| 020 |
|
|
|q (DVD)
|
| 040 |
|
|
|a BOA001
|b cze
|
| 072 |
|
7 |
|a 785
|x Instrumentální hudba. Symfonická hudba. Hudba pro více nástrojů
|2 Konspekt
|9 9
|
| 080 |
|
|
|a 785.12
|2 MRF
|
| 080 |
|
|
|a (0:82-14)
|2 MRF
|
| 080 |
|
|
|a (0.034.44)
|2 MRF
|
| 110 |
2 |
|
|a Domažlická dechovka
|7 mzk2010576640
|
| 245 |
1 |
0 |
|a Já mám malovanou vestu
|h [videozáznam] /
|c Domažlická dechovka ; scénář a režie Ivan Sytař
|
| 260 |
|
|
|a Dubné :
|b Česká muzika,
|c 2008
|
| 300 |
|
|
|a 1 DVD-video (48:32 min.) :
|b zvuk., barev. ;
|c 12 cm
|
| 500 |
|
|
|a Obraz 4:3 PAL
|
| 505 |
0 |
0 |
|t Támhle je háječek --
|t Třikrát jsem vobešel Pasečnici --
|t Milavečskej kostelíček --
|t Mrákovská věž --
|t Hrom do Petroje --
|t Zanechám milování --
|t Jen těm láska zůstává --
|t Já mám malovanou vestu --
|t O pivečku a vínečku --
|t Bořická šenkýřka --
|t Klenecký panenky --
|t Tranovskej mostek --
|t Domažlická polka --
|t Přeletěly vlaštovičky --
|t Pergamuška --
|t Malej seš sedláčku pán --
|t Olivo, olivo - směs
|
| 650 |
0 |
7 |
|a dechová hudba
|7 ph119353
|2 czenas
|
| 655 |
|
7 |
|a písně
|7 fd133162
|2 czenas
|
| 655 |
|
7 |
|a DVD
|7 fd186912
|2 czenas
|
| 700 |
1 |
|
|a Sytař, Ivan,
|d 1947-
|7 pna2014817388
|4 drt
|4 sce
|
| 910 |
|
|
|a BOA001
|b CDR2-1237.424
|
| 990 |
|
|
|a VI
|
| 991 |
|
|
|g g
|
| 991 |
|
|
|b 201004
|
| 996 |
6 |
|
|b 2610423295
|c CDR2-1237.424
|l Stud. periodik/2.patro
|r Sklad / do 1 hodiny
|n 0
|p p.v.
|w 001112753
|u 000010
|a 1
|e BOA001
|j MZK50
|s P
|